| 000 | 00416 a2200133 4500 | ||
|---|---|---|---|
| 001 | ART_43710 | ||
| 005 | 20260410162025.0 | ||
| 008 | 260409a | ||
| 245 | 1 | 0 | _aWage competition with heterogeneous workers and firms |
| 100 | 1 | _aHamilton, Jonathan | |
| 700 | 1 | _aThisse, Jacques-Francois | |
| 700 | 1 | _aZenou, Yves | |
| 773 | 0 |
_tJournal of labor economics _g- Vol. 18, NÂș 3 (jul. 2000) _wREV43438 |
|
| 999 |
_c33481 _d33481 |
||